01308 a2200193 4500001000500000005001700005008004100022003001500063040004000078080006600118245009700184020002200281264004200303300001900345505056900364100002200933700001800955856014100973376620260407155430.0260407a2010 arg spa dAR-UNSa-BCEJYS aAR-UNSa-BCEJYSbspacAR-UNSa-BCEJYS a378xEnseñanza superior. Universidades. Escuelas especiales10aHacia una democracia socialmente responsablepuna reflexión desde la Universidad pública a978-987-574-420-2 1aBuenos Aires :bPrometeo Librosc2010 a169 p.c21 cm. a1. ¿Por qué? - 2. Contribuir al bien común - 3. Precisiones sobre los asuntos a abordar - 4. RS, organizaciones y Estado - 5. Itinerario de desencuentros - 6. Comunicaciones - 7. Aquel modelo industrial - 8. Ciudadanías - 9. Gurúes I - 10. Gurúes II - 11. Consecuencias de la irresponsabilidad - 12. Educación y justicia social - 13. La RS y la situación actual - 14. Tsunamis económicos - 15. Organizaciones ciudadanas - 16. Perspectivas - 17. Acciones orientadas por la RS - 18. La RS y la Universidad Pública - 19. Algunas conclusiones1 aSaravia, Federico1 aEscobar, Juan41uhttps://biblioeco.unsa.edu.ar/pmb/images/libros/Hacia una democracia socialmente responsable3-l117884.jpgyImagen de portadaqimage/jpeg